Marcová bomba menom AYA

Bibliographic Details
Main Author: Murín, Ján, 1949- (Author)
Format: Article
Language:Slovak
Subjects:

MARC

LEADER 00000nab a2200000 a 4500
001 vtls000512597
003 SK-MaSNL
005 20260303003806.0
008 150430c xo 0 slo
015 |a SNBRB19rr/mm-uuuuu 
035 |a CL0512735 
040 |a SNKBUCL  |b slo  |c SNKBUCL  |e AACR2 
041 0 |a slo 
044 |a xo  |c SK 
080 |a 78.071.2:784.66  |2 1981 
080 |a 784.66  |2 1981 
100 1 |a Murín, Ján,  |d 1949-  |4 aut  |9 192427 
245 1 0 |a Marcová bomba menom AYA  |c Ján Murín 
300 |b Fotogr. 1 
610 2 7 |a Aya (hudobná skupina)  |2 snkbucl  |9 31629 
655 7 |a články z novín a časopisov  |2 snkbucl  |9 267496 
773 0 |t Pravda  |g Roč. 4 (75), č. 67 (22. 3. 1994), s. 8 
850 |a Slovenská národná knižnica v Martine  |a MTA001 
852 |a SNK  |b KIS3GCP 
958 |a RK 
958 |a SK 
992 |a RBX 
999 |c 1574490  |d 1576420